[Event "Carlos Torre Memorial op 32nd"]
[Site "Merida"]
[Date "2022.12.17"]
[Round "3"]
[White "Sandoval Fernandez, Dante"]
[Black "Garcia De Dios, Jose Antonio"]
[Result "0-1"]
[WhiteElo "1974"]
[BlackElo "2103"]
[PlyCount "114"]
[EventDate "2022.12.16"]
[EventType "swiss"]
[EventRounds "9"]
[EventCountry "MEX"]
[SourceTitle "CBM 212 Extra"]
[Source "ChessBase"]
[SourceDate "2023.03.31"]
[SourceVersion "1"]
[SourceVersionDate "2023.03.31"]
[SourceQuality "1"]

1. d4 Nf6 2. c4 b6 3. g3 Bb7 4. Nf3 e6 5. Bg2 Be7 6. 0-0 0-0 7. d5 exd5 8. Nh4 c6 9. cxd5 Nxd5 10. Nf5 Nc7 11. e4 d5 12. Qg4 Bf6 13. Rd1 Bc8 14. Nc3 g6 15. Nh6+ Kg7 16. Qf3 d4 17. Ng4 Bxg4 18. Qxg4 Nd7 19. Qh3 Kg8 20. f4 dxc3 21. Rxd7 Qc8 22. e5 Ne6 23. Rd6 Be7 24. Rd3 Bc5+ 25. Kh1 c2 26. Be4 a5 27. Qg2 Qa6 28. Qxc2 Rad8 29. Bd2 Nd4 30. Qd1 Qc4 31. Rc3 Qe6 32. a3 f6 33. Bg2 a4 34. Qe1 Nb3 35. Rd1 Rfe8 36. Be3 Rxd1 37. Qxd1 fxe5 38. Bxc5 Nxc5 39. Re3 e4 40. Qd4 Qd5 41. Qc3 Rd8 42. h4 Qd4 43. Qxd4 Rxd4 44. Re2 Kf7 45. Kh2 Ke6 46. g4 Kd5 47. h5 Rd3 48. Rf2 Kd4 49. hxg6 hxg6 50. f5 gxf5 51. Rxf5 e3 52. Bf3 Rd2+ 53. Kh3 e2 54. Bxe2 Rxe2 55. g5 Re5 56. Rf4+ Ne4 57. g6 Rg5 0-1

[Event "Carlos Torre Memorial op 32nd"]
[Site "Merida"]
[Date "2022.12.16"]
[Round "1"]
[White "Sandoval Fernandez, Dante"]
[Black "Figueredo Losada, Leonel"]
[Result "0-1"]
[WhiteElo "1974"]
[BlackElo "2342"]
[PlyCount "117"]
[EventDate "2022.12.16"]
[EventType "swiss"]
[EventRounds "9"]
[EventCountry "MEX"]
[SourceTitle "CBM 212 Extra"]
[Source "ChessBase"]
[SourceDate "2023.03.31"]
[SourceVersion "1"]
[SourceVersionDate "2023.03.31"]
[SourceQuality "1"]

1. d4 e6 2. c4 c5 3. Nf3 Nf6 4. g3 b6 5. Bg2 Bb7 6. d5 exd5 7. Nh4 b5 8. 0-0 bxc4 9. Nc3 Be7 10. Nxd5 Nxd5 11. Bxd5 Bxd5 12. Qxd5 Nc6 13. Nf5 0-0 14. Bf4 Nd4 15. Nxd4 cxd4 16. Qxd4 d5 17. Be5 Bf6 18. Bxf6 Qxf6 19. Qxf6 gxf6 20. Rfd1 Rfd8 21. Rac1 Rab8 22. Rd2 Kf8 23. Kg2 Ke7 24. Kf3 Ke6 25. Rc3 f5 26. Kf4 Rb4 27. Kg5 d4 28. Ra3 Rd7 29. Ra6+ Rb6 30. Ra4 Rc6 31. Rc2 Rdc7 32. Kf4 Rc5 33. a3 a5 34. h3 Kd5 35. g4 fxg4 36. hxg4 Re7 37. Rd2 Kc6 38. b4 c3 39. Rc2 Rc4 40. Kf3 axb4 41. axb4 Kb5 42. Ra1 Rxb4 43. e3 Kc4 44. exd4 Rb2 45. Rcc1 Ree2 46. Rf1 Kxd4 47. Ra7 Red2 48. Rxf7 Rd3+ 49. Kf4 c2 50. Rd7+ Kc3 51. Rc7+ Kd2 52. Rh1 Rb1 53. Rhxh7 c1Q 54. Rxc1 Rxc1 55. Re7 Rf1 56. g5 Rxf2+ 57. Kg4 Rg2+ 58. Kf4 Rd4+ 59. Kf5 0-1

[Event "North American-ch U20"]
[Site "Mexico City"]
[Date "2022.12.02"]
[Round "2"]
[White "Sandoval Fernandez, Dante"]
[Black "Ruiz Ortiz, Cristian Uriel"]
[Result "1-0"]
[WhiteElo "1974"]
[BlackElo "1596"]
[PlyCount "69"]
[EventDate "2022.12.02"]
[EventType "swiss"]
[EventRounds "9"]
[EventCountry "MEX"]
[SourceTitle "CBM 211 Extra"]
[Source "ChessBase"]
[SourceDate "2023.01.31"]
[SourceVersion "1"]
[SourceVersionDate "2023.01.31"]
[SourceQuality "1"]

1. d4 Nf6 2. c4 d5 3. cxd5 Nxd5 4. Nf3 g6 5. e4 Nb6 6. Nc3 Bg7 7. h3 0-0 8. Bf4 N8d7 9. a4 a5 10. Be2 e6 11. 0-0 Qe7 12. Bxc7 Qb4 13. Ra3 Nc5 14. dxc5 Bxc3 15. Rxc3 Nxa4 16. Rc4 Nxb2 17. Rxb4 Nxd1 18. Rb3 a4 19. Ra3 Nxf2 20. Kxf2 Bd7 21. Ne5 Bc6 22. Nxc6 bxc6 23. Rfa1 Kg7 24. Rxa4 Rac8 25. Be5+ f6 26. Ra7+ Kh6 27. Bd6 Rh8 28. h4 g5 29. Be7 gxh4 30. Bxf6 Rhf8 31. e5 Rb8 32. R1a4 Rb3 33. Rxh4+ Kg6 34. Rg7+ Kf5 35. Rg5# 1-0